000 02040nam a22002777a 4500
999 _c61799
_d61799
003 Ge_BSU
005 20240514134756.0
008 240514s2022 ge ||||| |||| 00| 0 geo d
020 _a9789941352386 (ტომი 5)
020 _a9789941350429 (ყველა ტომისთვის)
041 _ageo
080 _a396(479.22)+94(479.22) ს-32
245 _aსაქართველოს ისტორიის პალიტრა :
_b15 ტომეული. ტომი 5, ქალები შუა საუკუნეების საქართველოში /
_cიზოლდა ქაფიაშვილი, ნანა გუგუშვილი; პროექტის ხელმძღვანელი ჯაბა სამუშია; სარედაქციო ჯგუფი: გელა გურგენიძე, ნესტან მაღალაშვილი, თამარ ჯანთიშვილი [და სხვა].
264 _aთბილისი :
_bპალიტრა L,
_c2022.
300 _a356 გვ. ;
_b23 სმ.
653 _aქართული ხელნაწერები
653 _aსაქართველოს ისტორია
653 _aქართველი ქალები
653 _aქართველ მოღვაწეთა ბიოგრაფიები
700 _aქაფიაშვილი, იზოლდა
_eავტორი
_922088
700 _aგუგუშვილი, ნანა
_e ავტორი
_922089
700 _aსამუშია, ჯაბა
_eპროექტის ხელმძღვანელი, წინასიტყვაობის ავტორი.
_922090
700 _aგურგენიძე, გელა
_eრედაქტორი
_922056
710 _aმაღალაშვილი, ნესტან და სხვ.
_bრედაქტორი
_922091
942 _2udc
_cᲬᲘᲒᲜᲘ